000 00197nam a22000977a 4500
050 _aQH96.8
_b.E26
100 _aGrant F.Ian
245 _aEcological Monitering Methods
260 _bDEID
942 _cGEN
999 _c1846
_d1846